00622nam a2200193Ia 450000500170000000800410001704000190005804100120007708200160008910000180010524501010012326000310022430000190025565000180027485000100029294200070030299900170030995201020032620240802102401.0131103s9999 xx 000 0 und d aLoreto College aEnglish a822.07bCOB aCobby, Maisie aCalling all playmakersb a graded course in drama for pupils in secondary schools cMaisie Cobby aLondonbIsaac Pitmanc1962 ax,142p.b ill. aEnglish drama aLCBED cBK c29766d80245 00102ddc4070aMAINbMAINd2013-11-04l0o822.07 COB 9079pB32614r2013-11-04w2013-11-04yBKf